La isla que se repite: el Caribe y la perspectiva posmoderna
Salvato in:
| Autore principale: | |
|---|---|
| Natura: | Libro |
| Lingua: | inglese |
| Pubblicazione: |
Hannover
Del Norte
1989
|
| Serie: | La Serie Rama, 509
|
| Soggetti: | |
| Tags: |
Aggiungi Tag
Nessun Tag, puoi essere il primo ad aggiungerne!!
|
MARC
| LEADER | 00000nam a2200000 a 4500 | ||
|---|---|---|---|
| 001 | UCW0286 | ||
| 003 | CL-VaPUC | ||
| 008 | 921030e19890000US |||||||||||||||||eng|d | ||
| 082 | 0 | 4 | |a H864 |b BEN |2 21 |
| 100 | 0 | |a Benítez Rojo, Antonio |e author |9 304231 | |
| 245 | 1 | 3 | |a La isla que se repite: el Caribe y la perspectiva posmoderna |
| 300 | |a 350 p | ||
| 942 | |c BK | ||
| 945 | |d 19921030 00:00:00 | ||
| 260 | |a Hannover |b Del Norte |c 1989 | ||
| 650 | 7 | |a ENSAYOS HISPANOAMERICANOS |2 CL-VaPUC |9 269402 | |
| 650 | 7 | |a LITERATURA HISPANOAMERICA |2 CL-VaPUC |9 269403 | |
| 583 | |a last modification |c 20120720 11:26:01 |k Rodrigo Vera | ||
| 490 | 0 | |a La Serie Rama, 509 | |
| 999 | |c 215499 |d 215497 | ||